00719nam a2200229Ia 4500003000900000005001700009008004100026040003300067041000800100080001400108100001500122245010200137260005000239300003500289490001100324650001300335650001200348650001500360650003700375650006800412650000900480LK-CoDNM20241002143630.0010623t1969 xxu||||| |||| 00| 1 eng d aLK-CoDNMdLK-CoDNMeLK-CoDNM aeng a104bKK21 aBell,H.C.P aArchaeological Survey of Ceylon bNorth-Central , Central,North - Western and Western Provinces bJ.A.Skeen, Government PrintersaColomboc1914 b41p. : ill , ill , map ; 20 cm vVol IX a104 KK19 aEnglish aBell,H.C.P aArchaeological Survey of Ceylon  aNorth-Central , Central,North - Western and Western Provinces a1914